Catholic Teachings - Sudden Purgatory - Statistics

General Stats
  • This quiz has been taken 337 times
  • The average score is 6 of 12
Answers on the Grid
Answers color-coded by a green-red scale on the quiz's grid according to % correct below.
A baptism is only valid if administered by an ordained priest
Every Catholic must make a pilgrimage to Rome once in his/her lifetime
God created Heaven and Earth
God is trinitarian
Hitler is an anti-saint, that is, he's in Hell
Humans have free will
If you're married, you cannot be ordained
It's okay to commit a sin if you plan to go to confession afterwards
Jesus actually died at the crucifixion
Jesus is the only one who can receive a resurrected body
Jesus was conceived by the Holy Spirit
Married Catholics must be willing/prepared to accept children
Mary is divine
One should always receive the Eucharist, especially when not in a "state of grace"
Someone that is gay will go to Hell
The dignity of the human person includes the elderly on their deathbed
The dignity of the human person includes the poor
The dignity of the human person includes unborn children
The Pope has Papal Infallibility
The Sacraments are efficacious signs of grace
When you're eating the Eucharist, you're eating Jesus
 
Answer Stats
Answer % Correct
God created Heaven and Earth
88%
Humans have free will
77%
God is trinitarian
76%
Jesus actually died at the crucifixion
49%
Jesus was conceived by the Holy Spirit
44%
Married Catholics must be willing/prepared to accept children
44%
The Pope has Papal Infallibility
42%
The dignity of the human person includes the poor
40%
The dignity of the human person includes unborn children
40%
When you're eating the Eucharist, you're eating Jesus
40%
The dignity of the human person includes the elderly on their deathbed
38%
The Sacraments are efficacious signs of grace
36%
No matching quizzes found
Score Distribution
Percent of People with Each Score
Percentile by Number Answered
Your Score History
You have not taken this quiz